| 000 | 00354nam a2200133 4500 | ||
|---|---|---|---|
| 999 |
_c9604 _d9604 |
||
| 003 | OSt | ||
| 005 | 20210705121755.0 | ||
| 008 | 210705b ||||| |||| 00| 0 eng d | ||
| 020 | _a9783869226200 | ||
| 082 |
_a720.97213 _bARE |
||
| 100 | _aArredondo Zambrano, Celia Esther | ||
| 245 | _a Monterrey : architectural guide = Guía de arquitectura | ||
| 942 | _2ddc | ||